| 000 | 00535nam a2200181Ia 4500 | ||
|---|---|---|---|
| 008 | 220216s9999 xx 000 0 und d | ||
| 100 | _aSatisha G.C. | ||
| 245 | 0 | _aComparative study of soils of different landforms under rubber with special reference to erodibility indices/factor | |
| 260 |
_bJournal of Plantation Crops _c2009 |
||
| 300 | _a123-128 | ||
| 650 | _aErodibility indices/factor | ||
| 650 | _aHevea | ||
| 650 | _aKerala | ||
| 650 | _aLandforms | ||
| 650 | _aSoil ratios | ||
| 700 | _aUlaganathan A. | ||
| 942 | _cJS | ||
| 999 |
_c55961 _d55961 |
||